Statistics for Delaney Quiz

Click here to take the quiz!

General Stats

  • This quiz has been taken 8 times
  • The average score is 16 of 22

Answer Stats

HintAnswer% Correct
What is the name of Delaney's black cat?AIDS
100%
Who tried to kiss Delaney using Reddit?Bryce
100%
Where did Delaney get fired from?Burkwood
100%
Who is Delaney's favorite gym teacher?Coach Dragum
100%
What is her favorite cereal?Gorilla Munch
100%
How often was Delaney allowed to shower at Trails?Once a week
100%
What is Delaney's mom namedTara
100%
Who made Delaney get kidnapped?The Greasy Meatball
100%
Where did Delaney get sent to?Trails
100%
Who is Delaney's man that she simped for at KD?Evan
80%
What movie did Delaney and Charles watch together at Delaney's houseHercules
80%
What is the name of her new school?Lynnhaven Academy
80%
Who did she play in the Streetcar named Desire play readings?Negro Women
80%
What day did Delaney get taken away?New Years Eve
80%
Who was the guy's name that the swimmers chanted at Delaney during her races?Cameron Mays
60%
Who tried to kiss Delaney at Pole Green Park?Max
60%
What is Delaney's favorite drink?Mountain Dew
60%
What is Delaney's favorite word to say?Tweakin
60%
What happened when Delaney was working in the fire at Trails?She got a hair cut
40%
What did she do for her museum project in History class?Make TikToks
20%
What happened when Delaney was about to have her first kiss?She laughed in Keegan's face
20%
What happened if you disobeyed the rules at Trails?You had to sleep like a tuna
20%

Score Distribution

Percentile by Number Answered

Percent of People with Each Score

Your Score History

You have not taken this quiz